[Event "Arab-ch"]
[Site "Khartoum"]
[Date "2023.02.27"]
[Round "2"]
[White "Islam, Sh Nour Kassim"]
[Black "Miqdad, Fadii"]
[Result "0-1"]
[WhiteElo "1913"]
[BlackElo "2015"]
[PlyCount "94"]
[EventDate "2023.02.26"]
[EventType "swiss"]
[EventRounds "9"]
[EventCountry "SUD"]
[SourceTitle "CBM 213 Extra"]
[Source "ChessBase"]
[SourceDate "2023.05.31"]
[SourceVersion "1"]
[SourceVersionDate "2023.05.31"]
[SourceQuality "1"]

1. Nf3 Nf6 2. b3 g6 3. Bb2 Bg7 4. e3 0-0 5. d4 d6 6. Be2 Nbd7 7. 0-0 Re8 8. c4 c6 9. Nbd2 e5 10. dxe5 dxe5 11. b4 b6 12. Qb3 Qc7 13. Rfd1 h5 14. Ng5 Nf8 15. Nde4 Nxe4 16. Nxe4 Be6 17. Qc3 Rad8 18. a3 Bf5 19. Ng3 Be6 20. Ne4 Bf5 21. Ng3 Be6 22. e4 Bc8 23. Bf3 Ne6 24. Ne2 Qe7 25. Qe3 Ba6 26. Qb3 Bb7 27. Qa4 a6 28. Qb3 Qc7 29. Bc3 c5 30. Rac1 Bh6 31. Rb1 Rxd1+ 32. Rxd1 Nd4 33. Qb2 Bc8 34. Bd2 Bxd2 35. Qxd2 Be6 36. Rc1 Rd8 37. Qg5 Nxe2+ 38. Bxe2 Rd4 39. Bxh5 Kg7 40. h4 Qd6 41. Bf3 f6 42. Qg3 Rxc4 43. Re1 cxb4 44. Bh5 Bf7 45. Bxg6 Qd2 46. Bh5+ Kf8 47. Rd1 Rc1 0-1

[Event "Asia zt 3.1"]
[Site "Amman"]
[Date "2019.06.26"]
[Round "9"]
[White "Abdallah, A Shbol"]
[Black "Miqdad, Fadii"]
[Result "1-0"]
[WhiteElo "1925"]
[BlackElo "1997"]
[PlyCount "64"]
[EventDate "2019.06.19"]
[EventType "swiss"]
[EventRounds "9"]
[EventCountry "JOR"]
[SourceTitle "CBM 191 Extra"]
[Source "ChessBase"]
[SourceDate "2019.09.30"]
[SourceVersion "1"]
[SourceVersionDate "2019.09.30"]
[SourceQuality "1"]

1. e4 c6 2. d4 d5 3. Nc3 dxe4 4. Nxe4 Nf6 5. Ng3 h5 6. Bc4 h4 7. N3e2 Bg4 8. h3 Bh5 9. Qd3 b5 10. Bb3 Bg6 11. Qd1 e6 12. Nf3 Bd6 13. Nf4 Be4 14. c3 Qc7 15. Nd3 Nbd7 16. Bg5 Nd5 17. Qe2 Bxd3 18. Qxd3 Nf4 19. Bxf4 Bxf4 20. a4 0-0 21. 0-0 Rab8 22. Nxh4 bxa4 23. Bxa4 Rxb2 24. Bc2 Nf6 25. g3 Bh6 26. Nf3 c5 27. Ne5 Rd8 28. Rfb1 Rxb1+ 29. Rxb1 cxd4 30. cxd4 Qd6 31. Rb7 Qxd4 32. Qxd4 Rxd4 1-0

[Event "Asia zt 3.1"]
[Site "Amman"]
[Date "2019.06.22"]
[Round "4"]
[White "Miqdad, Fadii"]
[Black "Al Huwar, Jasem"]
[Result "0-1"]
[WhiteElo "1997"]
[BlackElo "2232"]
[PlyCount "71"]
[EventDate "2019.06.19"]
[EventType "swiss"]
[EventRounds "9"]
[EventCountry "JOR"]
[SourceTitle "CBM 191 Extra"]
[Source "ChessBase"]
[SourceDate "2019.09.30"]
[SourceVersion "1"]
[SourceVersionDate "2019.09.30"]
[SourceQuality "1"]

1. d4 g6 2. c4 Bg7 3. g3 d5 4. Nf3 Nf6 5. cxd5 0-0 6. Bg2 Nxd5 7. 0-0 c6 8. Nc3 Nd7 9. e4 Nc7 10. Be3 b6 11. Qd2 Re8 12. Rfd1 Bb7 13. Rac1 e5 14. Bg5 f6 15. Bh6 exd4 16. Nxd4 Ne5 17. Bxg7 Kxg7 18. f4 Nf7 19. e5 fxe5 20. Nxc6 Qxd2 21. Rxd2 Bxc6 22. Bxc6 Rad8 23. Rcd1 Rxd2 24. Rxd2 Re7 25. Rd7 Rxd7 26. Bxd7 exf4 27. gxf4 Nd6 28. Kf2 Kf6 29. Kf3 Ke7 30. Bc6 Ne6 31. Ne4 Nf5 32. Bb7 Ned4+ 33. Kg4 h6 34. h4 h5+ 35. Kg5 Kf7 36. Nd6+ 0-1